Kỹ năng áp dụng các điều và văn bản hướng dẫn bộ luật lao động 2013
Sách cập nhật mới nhất về bộ luật lao động 2012 và hệ thống văn bản hướng dẫn thi hành, hướng dẫn phương pháp tra cứu nhanh những điều luật.
Gorde:
| Egile nagusia: | |
|---|---|
| Formatua: | Liburua |
| Hizkuntza: | Undetermined |
| Argitaratua: |
Hà Nội
Lao động - Xã hội
2013
|
| Gaiak: | |
| Etiketak: |
Etiketa erantsi
Etiketarik gabe, Izan zaitez lehena erregistro honi etiketa jartzen!
|
| Thư viện lưu trữ: | Trung tâm Học liệu Trường Đại học Cần Thơ |
|---|
| LEADER | 00970nam a2200217Ia 4500 | ||
|---|---|---|---|
| 001 | CTU_192708 | ||
| 008 | 210402s9999 xx 000 0 und d | ||
| 020 | |c 95000 | ||
| 082 | |a 344.59701 | ||
| 082 | |b B312 | ||
| 100 | |a Đỗ, Ngân Bình | ||
| 245 | 0 | |a Kỹ năng áp dụng các điều và văn bản hướng dẫn bộ luật lao động 2013 | |
| 245 | 0 | |c Đỗ Ngân Bình, Nguyễn Thị Bích | |
| 260 | |a Hà Nội | ||
| 260 | |b Lao động - Xã hội | ||
| 260 | |c 2013 | ||
| 520 | |a Sách cập nhật mới nhất về bộ luật lao động 2012 và hệ thống văn bản hướng dẫn thi hành, hướng dẫn phương pháp tra cứu nhanh những điều luật. | ||
| 650 | |a Labor laws and legislation,Luật lao động và lập p | ||
| 650 | |z Vietnam,Việt Nam | ||
| 910 | |a Hải | ||
| 980 | |a Trung tâm Học liệu Trường Đại học Cần Thơ | ||